8 Most Common Food Allergens - Statistics

General Stats
  • This quiz has been taken 130 times
  • The average score is 4 of 8
Answer Stats
Hint Answer % Correct
Plant derived Peanut
75%
Plant derived Wheat
75%
Animal sourced Dairy
68%
Plant derived Tree Nut
46%
Animal sourced Egg
45%
Plant derived Soy
45%
Animal sourced Shellfish
44%
Animal sourced Fish
42%
No matching quizzes found
Score Distribution
Percent of People with Each Score
Percentile by Number Answered
Your Score History
You have not taken this quiz